Southville International School and Colleges
Your cart is empty.
  • Cart
  • Lists
    Public lists Eva Luna New books Lux_list list_1
    Your lists Log in to create your own lists
  • Log in to your account
  • Your cookies
  • Search history
Southville International School and Colleges
  • Advanced search
  • Recent comments
  • Most popular
  • Libraries

Log in to your account

Log in with GOOGLE


If you do not have an external account, but do have a local account, you can still log in:

  1. Home
  2. MARC view: 50 economics classics :
Normal view MARC view ISBD view

50 economics classics : (Record no. 368343)

[ view plain ]
MARC details
000 -LEADER
fixed length control field 00698nam a22002057a 4500
003 - CONTROL NUMBER IDENTIFIER
control field 0
005 - DATE AND TIME OF LATEST TRANSACTION
control field 20251024151817.0
008 - FIXED-LENGTH DATA ELEMENTS--GENERAL INFORMATION
fixed length control field 251024b xxu||||| |||| 00| 0 eng d
020 ## - INTERNATIONAL STANDARD BOOK NUMBER
International Standard Book Number 978-1-529-30370-4
050 ## - LIBRARY OF CONGRESS CALL NUMBER
Classification number HB 75
Item number .B885 2019
100 ## - MAIN ENTRY--PERSONAL NAME
Personal name Butler-Bowdon, Tom,
Relator term author.
245 ## - TITLE STATEMENT
Title 50 economics classics :
Remainder of title your shortcut to the most important ideas on capitalism, finance, and the global economy /
Statement of responsibility, etc Tom Butler-Bowdon.
260 ## - PUBLICATION, DISTRIBUTION, ETC. (IMPRINT)
Place of publication, distribution, etc London :
Name of publisher, distributor, etc Nicholas Brealey Publishing,
Date of publication, distribution, etc 2019.
300 ## - PHYSICAL DESCRIPTION
Extent 357 pages ;
Dimensions 20 cm.
504 ## - BIBLIOGRAPHY, ETC. NOTE
Bibliography, etc Includes bibliographical references and index.<br/>
650 ## - SUBJECT ADDED ENTRY--TOPICAL TERM
Topical term or geographic name as entry element Economics.
650 ## - SUBJECT ADDED ENTRY--TOPICAL TERM
Topical term or geographic name as entry element Capitalism.
650 ## - SUBJECT ADDED ENTRY--TOPICAL TERM
Topical term or geographic name as entry element Financial crises.
942 ## - ADDED ENTRY ELEMENTS (KOHA)
Source of classification or shelving scheme Library of Congress Classification
Koha item type Books
Holdings
Withdrawn status Lost status Source of classification or shelving scheme Damaged status Home library Current library Shelving location Date acquired Source of acquisition Sub Shelving location Total Checkouts Full call number Barcode Date last seen Price effective from Koha item type
    Library of Congress Classification   Luxembourg Library Luxembourg Library High School Section 11/19/2024 Library Fund     HB 75 .B885 2019 21373 10/24/2025 10/24/2025 Books

50 economics classics :

APA

Butler-Bowdon T., . (2019). 50 economics classics. London: Nicholas Brealey Publishing.

Chicago

Butler-Bowdon Tom, . 2019. 50 economics classics. London: Nicholas Brealey Publishing.

Harvard

Butler-Bowdon T., . (2019). 50 economics classics. London: Nicholas Brealey Publishing.

MLA

Butler-Bowdon Tom, . 50 economics classics. London: Nicholas Brealey Publishing. 2019.

  • Place hold
  • Print
  • Cite
  • Add to your cart (remove)
  • Save record
    BIBTEX Dublin Core MARCXML MARC (non-Unicode/MARC-8) MARC (Unicode/UTF-8) MARC (Unicode/UTF-8, Standard) MODS (XML) RIS
  • More searches
    Search for this title in:
    Other Libraries (WorldCat) Other Databases (Google Scholar) Online Stores (Bookfinder.com) Open Library (openlibrary.org)

Exporting to Dublin Core...

SOUTHVILLE LIBRARY

Southville International School and Colleges Library

1281 Tropical Ave. Cor. Luxembourg St., BF Homes International, Las Pinas City

Tel. No. 8256374 / 252358 Loc. 117/146

Powered by Koha